Fr. Conceicao Rodrigues College of Engineering

Secrets pf RF circuit design (Record no. 34896)

MARC details
000 -LEADER
fixed length control field 00338nam a2200157Ia 4500
082 ## - DEWEY DECIMAL CLASSIFICATION NUMBER
Classification number 621.381 32
Item number CAR
100 ## - MAIN ENTRY--PERSONAL NAME
Personal name Carr/Joseph J
250 ## - EDITION STATEMENT
Edition statement 3
245 ## - TITLE STATEMENT
Title Secrets pf RF circuit design
260 ## - PUBLICATION, DISTRIBUTION, ETC.
Name of publisher, distributor, etc. Tata Mc Graw hill Ltd.
Date of publication, distribution, etc. 2001
366 ## - TRADE AVAILABILITY INFORMATION
Publishers's discount category 23
300 ## - PHYSICAL DESCRIPTION
Extent 533
546 ## - LANGUAGE NOTE
Language note ENGLISH
-- PAMPHALETS
942 ## - ADDED ENTRY ELEMENTS (KOHA)
Koha item type BOOK
Holdings
Withdrawn status Lost status Damaged status Not for loan Collection Home library Current library Date acquired Source of acquisition Cost, normal purchase price Inventory number Total Checkouts Full call number Barcode Date last seen Cost, replacement price Price effective from Koha item type
        CRC Fr. Agnel's C.Rodrigues College of Engineering Fr. Agnel's C.Rodrigues College of Engineering 17/03/2023 Allied Publishers 358.05 907 dt 01/08/2013   621.381 32 CAR 22942 17/03/2023 465.00   BOOK
        CRC Fr. Agnel's C.Rodrigues College of Engineering Fr. Agnel's C.Rodrigues College of Engineering 17/03/2023 Allied Publishers 358.05 907 dt 01/08/2013   621.381 32 CAR 22943 17/03/2023 465.00   BOOK
        CRC Fr. Agnel's C.Rodrigues College of Engineering Fr. Agnel's C.Rodrigues College of Engineering 17/03/2023 Allied Publishers 358.05 907 dt 01/08/2013   621.381 32 CAR 22944 17/03/2023 465.00   BOOK
        CRC Fr. Agnel's C.Rodrigues College of Engineering Fr. Agnel's C.Rodrigues College of Engineering 17/03/2023 Allied Publishers 358.05 907 dt 01/08/2013   621.381 32 CAR 22945 17/03/2023 465.00   BOOK
        CRC Fr. Agnel's C.Rodrigues College of Engineering Fr. Agnel's C.Rodrigues College of Engineering 17/03/2023 Allied Publishers 358.05 907 dt 01/08/2013   621.381 32 CAR 22946 17/03/2023 465.00   BOOK